Statistics for Random Knowledge Quiz #2

Click here to take the quiz!

General Stats

  • This quiz has been taken 117 times
  • The average score is 8 of 15

Answer Stats

QuestionAnswer% Correct
Finish this quote: "All for one and..."One for All
95%
G&T is the abbreviation of which drink?Gin Tonic
86%
What is a rainforest, a river and a multinational technology company?Amazon
85%
Which ballet has a character called the 'Sugar Plum Fairy'?The Nutcracker
79%
What Danish toy brand has several theme parks around the world?Lego
77%
And where is that quote from?The Three Musketeers
59%
In which city does Romeo and Juliet take place?Verona
56%
What does TBC mean?To Be Continued
55%
What French term means a young foreign person who helps with housework and/or childcare in exchange for food, a room, and some pocket money?Au Pair
52%
Who accompanied Charlie to the Chocolate Factory?Grandpa Joe
44%
How many puppies did Cruella steal from Pongo and Perdita in 101 Dalmatians?15
38%
What is the real name of Batman’s first Robin?Dick Grayson
34%
Which country consumes the most beer per capita?The Czech Republic
33%
Based on the size of the fleet, what is the biggest airline in the world?American Airlines
32%
What real life castle is the inspiration for Disney's Sleeping Beauty castle?Neuschwanstein Castle
16%

Score Distribution

Percentile by Number Answered

Percent of People with Each Score

Your Score History

You have not taken this quiz